000 00745cab a2200253 4500
001 WB3228-59
008 090401t1996 xxu||||| |||| 00| 0 eng d
035 _a(Sirsi) u56655
041 _aeng
245 _aHome is where the tower block was
260 _c1996
350 _a0
490 _aTimes
_v17 July 1996, 35(3)
520 _aDescribes the HAT scheme that is replacing tower blocks on the Waltham Forest estate into a community of houses and low-rise developments.
650 _aHOUSING ACTION TRUSTS
650 _aLOW-RISE DEVELOPMENTS
650 _aTOWER BLOCKS
650 _aURBAN REGENERATION
650 _aWALTHAM FOREST ESTATE
690 _aHOUSING
690 _aURBAN RENEWAL
942 _n0
948 _c04/03/1997
999 _c34575
_d34575